书目信息 |
| 题名: |
金融危机与我何干
|
|
| 作者: | 温剑波 编著 | |
| 分册: | ||
| 出版信息: | 北京 中国金融出版社 2009 |
|
| 页数: | 245页 | |
| 开本: | 22cm | |
| 丛书名: | ||
| 单 册: | ||
| 中图分类: | F832.59 | |
| 科图分类: | ||
| 主题词: | 金融危机--对策--研究--中国 , 金融危机 | |
| 电子资源: | ||
| ISBN: | 978-7-5049-5018-5 | |
| 000 | 00853nam0 2200229 45 | |
| 005 | 20100303111524.95 | |
| 010 | @a978-7-5049-5018-5@dCNY28.00 | |
| 100 | @a20091209d2009 em y0chiy0110 ea | |
| 101 | 0 | @achi |
| 102 | @aCN@b110000 | |
| 105 | @aa z 000yy | |
| 106 | @ar | |
| 200 | 1 | @a金融危机与我何干@AJin Rong Wei Ji Yu Wo He Gan@f温剑波编著@FWen Jian Bo Bian Zhu |
| 210 | @a北京@c中国金融出版社@d2009 | |
| 215 | @a245页@c图@d22cm | |
| 330 | @a本书介绍了如何在金融危机的大环境下不受影响的生活,介绍了一些省钱、理财和生活上的小常识。内容包括:一分钟通俗演绎次贷危机,“我只想保住饭碗!—金融危机之工作”,“省钱才是硬道理—金融危机之消费”等。 | |
| 606 | 0 | @a金融危机@x对策@x研究@y中国 |
| 606 | 0 | @a金融危机 |
| 690 | @aF832.59@v4 | |
| 701 | 0 | @a温剑波@AWen Jian Bo@4编著 |
| 801 | 0 | @aCN@bTANGWEI@c20100303 |
| 905 | @b0583778-82@dF832.59@e61@f5 | |
| 金融危机与我何干/温剑波编著.-北京:中国金融出版社,2009 |
| 245页:图;22cm |
| ISBN 978-7-5049-5018-5:CNY28.00 |
| 本书介绍了如何在金融危机的大环境下不受影响的生活,介绍了一些省钱、理财和生活上的小常识。内容包括:一分钟通俗演绎次贷危机,“我只想保住饭碗!—金融危机之工作”,“省钱才是硬道理—金融危机之消费”等。 |
| ● |
| 相关链接 |
|
|
|
|
正题名:金融危机与我何干
索取号:F832.59/61
 
预约/预借
| 序号 | 登录号 | 条形码 | 馆藏地/架位号 | 状态 | 备注 |
| 1 | 0583778 | 205837781 | 第一样本阅览室/ [索取号:F832.59/61] | 在馆 | |
| 2 | 0583779 | 205837790 | 密集书库-海洋学院/ [索取号:F832.59/61] | 在馆 | |
| 3 | 0583780 | 205837807 | 第一借阅区/ [索取号:F832.59/61] | 在馆 | |
| 4 | 0583781 | 205837816 | 第一借阅区/ [索取号:F832.59/61] | 在馆 | |
| 5 | 0583782 | 205837825 | 第一借阅区/ [索取号:F832.59/61] | 在馆 |